| Tag |
First Indicator |
Second Indicator |
Subfields |
| LEADER |
00000cam a2200000 a 4500 |
| 001 |
in00000786331 |
| 005 |
20151017054858.0 |
| 008 |
760423s1973 laua b 00000 eng d |
| 035 |
|
|
|a (OCoLC)02134279
|
| 035 |
|
|
|9 ADL9774AM
|
| 040 |
|
|
|a YBM
|c YBM
|d m/c
|d TXA
|d UtOrBLW
|
| 049 |
1 |
|
|a TXA2
|
| 090 |
|
|
|a GB451
|b .L65 no. 152
|
| 245 |
0 |
2 |
|a A study of beach ground-water hydrology and chemistry /
|c by T. F. Dominick [and others].
|
| 264 |
|
1 |
|a Baton Rouge :
|b Coastal Studies Institute, Louisiana State University,
|c 1973.
|
| 300 |
|
|
|a xii, 96 pages :
|b illustrations ;
|c 28 cm.
|
| 336 |
|
|
|a text
|b txt
|2 rdacontent
|
| 337 |
|
|
|a unmediated
|b n
|2 rdamedia
|
| 338 |
|
|
|a volume
|b nc
|2 rdacarrier
|
| 490 |
1 |
|
|a Louisiana. State University and Agricultural and Mechanical College. Coastal Studies Institute. Technical report ;
|v no. 152
|
| 500 |
|
|
|a Supported by the Office of Naval Research, Project NR-388-002, Geography Programs.
|
| 504 |
|
|
|a References: pages 95-96.
|
| 650 |
|
0 |
|a Groundwater.
|
| 650 |
|
0 |
|a Water table.
|
| 650 |
|
0 |
|a Beaches.
|
| 650 |
|
0 |
|a Hydraulics
|x Mathematical models.
|
| 700 |
1 |
|
|a Dominick, T. F.
|
| 710 |
2 |
|
|a Louisiana State University and Agricultural and Mechanical College.
|b Coastal Studies Institute.
|
| 710 |
1 |
|
|a United States.
|b Office of Naval Research.
|g Project NR-388-002, Geography Programs.
|
| 830 |
|
0 |
|a Technical report (Louisiana State University, Baton Rouge. Coastal Studies Institute) ;
|v no. 152.
|
| 999 |
|
|
|a MARS
|
| 999 |
f |
f |
|s 3e7dac2b-6c2f-3dde-8b49-36a5e52d9189
|i acd3f838-62a8-3781-86f4-b7f159c11b91
|t 0
|
| 952 |
f |
f |
|p ric
|a Texas A&M University
|b Rellis Campus
|c Joint Library Facility
|d Remote Storage
|t 0
|e GB451 .L65 no.152
|h Library of Congress classification
|i unmediated -- volume
|m A14811459285
|
| 998 |
f |
f |
|a GB451 .L65 no.152
|t 0
|l Remote Storage
|